Music Quiz

Random Music or Lyrics Quiz

Verbose Lyrics Quiz Stats

Quiz Updated Feb 14, 2012

Challenge
Share
Tweet
Embed
Score 0/26 Timer 10:00
0 Plays Today
Verbose Lyric Song % Correct
Black Eyed Peas-It is an inclination that I have that this evening will be particularly enjoyableI Gotta Feeling
61.5%
Miley Cyrus-I find this situation unsettling in the absence of my companions. This gathering is assuredly distinct from ostensibly similar gatherings occurring in TennesseeParty In The USA
56.9%
Eagles-Certain people enjoy motion for purposes of reminiscence, others use the practice in a more escapist fashionHotel California
54.9%
Jay-Z-If your personal issues are related to females, I assure you, fruit of my loins, that my sympathies are with you. I have many difficulties but none are women99 Problems
49.9%
Simon and Garfunkel-'You idiots!' You have no idea how quietness engulfs everything surrounding it like an expanding tumor!The Sound(s) of Silence
43.8%
Rolling Stones-It is wonderful to make your acquaintance! I implore you to inquire as to my appellation. I'm sure, however, that what is confusing you is what my plan isSympathy For The Devil
37.3%
Elton John-The fourth planet from the sun is suboptimal for childrearing. Not only that, its temperature is torturously frigidRocket Man
37.2%
AC/DC-This woman was as a vehicle capable of great speed, with a particularly clean engineYou Shook Me All Night Long
36.7%
Bloodhound Gang-We are no more than members of Kingdom Animalia who bear live young. Therefore, let us fornicate in the manner of those featured on cable nature channelsThe Bad Touch
29.9%
Led Zeppelin-Fret not! Even if you feel eerie motion in your arrangement of bushes, it's just the royalty of the month finally getting her affairs in order!Stairway To Heaven
28.9%
Bruce Springsteen-They forcibly transported me to a Southeastern Asian nation and bid me take the lives of men who racists apparently thought looked like PikachuBorn In The USA
27.3%
Pearl Jam-She deceives her interrogators and proclaims to be his paramour, but only because she has been unable to discover a superior mateBetter Man
24.4%
Eminem-I assure you, mother, that my affections for you are genuine. That being said, I simply cannot live in this mobile home any longerLose Yourself
23.4%
Verbose Lyric Song % Correct
John Mellencamp-My death will take place in a hamlet. Yes, I'm fairly certain that is where I'll be laid to restSmall Town
22.2%
System Of A Down-I have my suspicions that you doubt my sanctimonious seppukuChop Suey
19.1%
Death Cab For Cutie-In my establishment of religious education, which reminded me in terms of its severity of ancient Rome, my hands received injuries from a dark clad womanI Will Follow You Into The Dark
17.1%
Marvin Gaye-Making a donation of your person to yours truly couldn't possibly be a mistake! So long as the affection is real and uncontrivedLet's Get It On
16.8%
Dispatch-The morning was gloomy and the soldiers were apprehensive as to their fate. Then, to their surprise, their commanding officer suggested they departThe General
16.1%
Fall Out Boy-She claims to be illiterate but my own feebleness in the area surely trumps hersDance, Dance
15.2%
Green Day-I plead to enjoy rapid eye movement as well as disagreeing with falsehoods that make a sound if you knock on themHoliday
15.1%
Green Day-When you can no longer even find pleasure in self-satisfaction you have really reached an apex of apatheticityLongview
14.2%
Metallica-My sole nutrition is being given me intravenously which reminds me of innovations born of conflictOne
13.2%
50 Cent-My whittled piece of wood is imbued with supernatural powers. I hold advanced degrees in affairs of the heartCandy Shop
12.1%
My Chemical Romance-You claimed that I am capable of being understood in the same manner as literature, but it's too bad that said book is in horrible conditionI'm Not Okay
8.3%
Muse-I have an idea! Why don't we return the non-corporeal life forces to a flaming state! You know the ones I mean, the ones who would willingly die to live againStarlight
5.3%
Neil Young-Behold! Gaea is sprinting at a fast pace in the decade of Nixon's presidency!After The Goldrush
2.9%

You're not logged in!

Compare scores with friends on all Sporcle quizzes.
Sign Up with Email
OR
Log In

You Might Also Like...

Show Comments

Extras

Top Quizzes Today


Score Distribution

Your Account Isn't Verified!

In order to create a playlist on Sporcle, you need to verify the email address you used during registration. Go to your Sporcle Settings to finish the process.

Report this User

Report this user for behavior that violates our Community Guidelines.

Details: